00717nam a22002297a 450000500170000001000110001702000220002803500110005003700160006104000120007708200150008910000320010424500660013626000260020227000190022830000260024765000300027365000210030394200240032499900190034895201200036720170124110204.0 a643275 c00.00a0582487161 a643275 bCen Lib/Ret aDPLbEN a320.3bROB aRoberts, Geoffrey K.936756 aA dictionary of political analysis /cby Geoffrey K. Roberts aLondonbLongmanc1971 aLondonbLondon axxii, 29p. c21cm(Hb) aPolitical science9100120 aDictionary99500 2ddccENh320.3mROB c133084d133084 00104070aLbLd2015-07-24eCen Lib/Retg0.00l0o320.3 ROBp643275r2015-07-24 00:00:00t1v0.00w2015-07-24yEN